Mimodramak eta ikonoak / (Record no. 19333)
[ view plain ]
| 000 -CABECERA | |
|---|---|
| campo de control de longitud fija | 00566nam a22002057a 4500 |
| 001 - NÚMERO DE CONTROL | |
| campo de control | 000019820 |
| 005 - FECHA Y HORA DE LA ÚLTIMA TRANSACCIÓN | |
| campo de control | 20200929170142.0 |
| 008 - DATOS DE LONGITUD FIJA--INFORMACIÓN GENERAL | |
| campo de control de longitud fija | 920416s1990 sp 000 0 baq |
| 020 ## - NÚMERO INTERNACIONAL ESTÁNDAR DEL LIBRO | |
| Número Internacional Estándar del Libro | 847568274X |
| 040 ## - FUENTE DE LA CATALOGACIÓN | |
| Centro catalogador/agencia de origen | DO-SdBNP |
| Lengua de catalogación | spa |
| Centro/agencia transcriptor | BNPHU |
| 082 ## - NÚMERO DE LA CLASIFICACIÓN DECIMAL DEWEY | |
| Número de clasificación | xxxx |
| Número de documento/Ítem | L536m |
| 100 1# - ENTRADA PRINCIPAL--NOMBRE DE PERSONA | |
| Nombre de persona | Lekuona, Juan Mari, |
| Fechas asociadas al nombre | 1927- |
| 9 (RLIN) | 42299 |
| 245 10 - MENCIÓN DE TÍTULO | |
| Título | Mimodramak eta ikonoak / |
| Mención de responsabilidad, etc. | Juan Mari Lekuona. |
| 260 ## - PUBLICACIÓN, DISTRIBUCIÓN, ETC. | |
| Lugar de publicación, distribución, etc. | Donostia : |
| Nombre del editor, distribuidor, etc. | Erein, |
| Fecha de publicación, distribución, etc. | [1990]. |
| 300 ## - DESCRIPCIÓN FÍSICA | |
| Extensión | 101 p. ; |
| Dimensiones | 21 cm. |
| 490 1# - MENCIÓN DE SERIE | |
| Mención de serie | Erein literatura |
| 490 1# - MENCIÓN DE SERIE | |
| Mención de serie | Poesía |
| 830 #0 - PUNTO DE ACCESO ADICIONAL DE SERIE-TÍTULO UNIFORME | |
| Título uniforme | Erein literatura |
| 9 (RLIN) | 42300 |
| 830 #0 - PUNTO DE ACCESO ADICIONAL DE SERIE-TÍTULO UNIFORME | |
| Título uniforme | Poesía |
| 9 (RLIN) | 1183 |
| Estado de retiro | Estado de pérdida | Restricciones de uso | No para préstamo | Código de colección | Localización permanente | Ubicación/localización actual | Ubicación en estantería | Fecha de adquisición | Número de inventario | Total de préstamos | Signatura topográfica completa | Código de barras | Fecha visto por última vez | Precio válido a partir de | Tipo de ítem Koha |
|---|---|---|---|---|---|---|---|---|---|---|---|---|---|---|---|
| Excluido de préstamo | Monografías: Libros y Folletos | General | General | En catalogación | 07.07.2010 | LF1 | xxxx L536m | 19820-10 | 25.06.2020 | 25.06.2020 | No se presta |
